000 01392nam2a22002291 4500
001 v19\rc\1264054
005 20250618002423.0
035 _a(NLR Aleph) 004417717
090 _a4093224
_c4093224
100 _a20060306d1893 |||y0rusy50 ca
101 0 _arus
102 _aRU
105 _ay z |||||
200 0 _a... на 1891 г.
_e(Простой) год
_e11-й год изд.
210 _d1893
_aБ. м.
215 _a[1], 224 с.
461 0 _1001v19\rc\1264053
_12001#$aКиевский календарь В. Фабрициуса...$eС адрес-календарем города Киева$fРед. В. Фабрициус, астроном наблюдатель Ун-та св. Владимира$v... на 1891 г.$90
_1700#1$aФабрициус$bВ.И.$f1845-1895$gВасилий Иванович$4340
_94093215
_aФабрициус, В.И. (1845-1895)
_cКиев
_d1893
_e2-е изд. Печ. со стереотипп.
_fРед. В. Фабрициус, астроном наблюдатель Ун-та св. Владимира
_nпаровая хромо-лито-тип. Г.Т. Корчак-Новицкого
_oС адрес-календарем города Киева
_tКиевский календарь В. Фабрициуса...
_v... на 1891 г.$90
801 0 _aRU
_bNLR
_gpsbo
801 1 _aRU
_bProSoft-M
_2rusmarc
852 _aNLR
_j18.284.4.47
942 _cBOOK
980 _aNB